000 01351nam a22003497a 4500
003 CHAP
005 20220329141537.0
008 971013s1987 r 00010 d
010 _a69935
011 _a70907
035 _a80461
040 _cCHAP
090 _aTesis
100 0 0 _aLinares Portillo, Flavio Antonio.
_966904
245 _aIncremento de la producción del parasitoide Diachasmimorpha (Biosteres) longicaudatus Ashmead (Hymenoptera : Braconidae) sobre Anastrepha ludens loew (Díptera : Tephritidae)
260 _aChapingo, Méx. :
_bEl autor,
_c1987
300 _a93 h.
_b: ilus.
502 _aTesis (M. C. Esp. en Entomología y Acarología) -- Colegio de Postgraduados. Centro de Entomología y Acarología
590 _aALEPH
_b10
_c20130110
_lUCH01
_h1409
590 _aBATCH-UPD
_b10
_c20130110
_lUCH01
_h0311
590 _aBATCH-UPD
_b10
_c20130110
_lUCH01
_h1542
590 _aBATCH-UPD
_b10
_c20130409
_lUCH01
_h2344
590 _aBATCH-UPD
_b10
_c20130914
_lUCH01
_h0329
590 _aCONVERSION
_b10
_c20130109
_lUCH01
_h1338
650 1 4 _aAnastrepha ludens.
_95487
650 1 4 _aControl biológico de insectos.
_927582
650 1 4 _aDiachasmimorpha longicaudatus.
_932389
901 _aBK
942 _cFOLL
949 _bBC
_cTES
_d-33364
_eTS1
_h23449
_i80461
_si
949 _bBC
_cTES
_d33724000695821
_eTS2
_fc.2
_h23450
_i80461
_si
999 _c69935
_d69935